[Event "OGOLNOPOLSKA OLIMPIADA MLODZIEZY<br/>MISTRZOSTWA POLSKI JUNIOROW 2016 - D14"]
[Site "Olecko"]
[Date "2016-05-08"]
[Round "2.4"]
[White "Moscicka, Pola"]
[Black "Pyzio, Amelia"]
[Result "0-1"]
[WhiteTitle "k"]
[BlackTitle "I"]
[WhiteElo "1838"]
[BlackElo "1564"]

1. d4 d5 2. c4 c6 3. Nf3 Nf6 4. Nc3 dxc4 5. a4 Bf5 6. Ne5 Na6 7. f3 Nd7 8. Nxc4
e5 9. Nxe5 Nxe5 10. dxe5 Nb4 11. e4 Be6 12. Be3 Qc7 13. Be2 Rd8 14. Qc1 Bb3 15.
Nd5 Qa5 16. Nxb4 Bxb4+ 17. Kf2 O-O 18. f4 Rd7 19. Rf1 Rfd8 20. Kg1 Bd2 21. Bxd2
Rxd2 22. Bf3 Qb6+ 23. Kh1 Qd4 24. a5 Bc2 25. Re1 g5 26. fxg5 Qxe5 27. Ra3 Qd4
28. h3 Qf2 29. Rae3 Bd1 30. Rxd1 Qxe3 31. Rxd2 Qxd2 32. Qc5 Qxb2 33. Qxa7 Qb5
34. Kh2 c5 35. e5 c4 36. Qxb7 Qxb7 37. Bxb7 Rd1 38. Be4 Ra1 39. Kg3 c3 40. Kf3
Ra2 41. Ke3 c2 42. Kd2 Rxa5 43. Kxc2 Rxe5 44. Kd3 Rxg5 45. Ke3 Kg7 46. Kf4 Ra5
47. Bf3 Kf6 48. Kg4 h6 49. Kf4 Rg5 50. Ke4 Rf5 51. Bg4 Rf1 52. Bf3 Kg5 53. Ke3
Ra1 54. g3 Ra4 55. Be2 Kf5 56. Bd3+ Ke5 57. Bc2 Ra3+ 58. Bd3 Rb3 59. g4 Ra3 60.
h4 f6 61. Kd2 Kf4 62. Bf5 Rg3 63. Ke2 Rg2+ 64. Kf1 Rxg4 65. Bxg4 Kxg4 66. Kg2
Kxh4 0-1

[Event "OGOLNOPOLSKA OLIMPIADA MLODZIEZY<br/>MISTRZOSTWA POLSKI JUNIOROW 2016 - D14"]
[Site "Olecko"]
[Date "2016-05-08"]
[Round "2.5"]
[White "Sowa, Wiktoria"]
[Black "Harazinska, Magdalena"]
[Result "0-1"]
[WhiteTitle "I"]
[BlackTitle "I++"]
[WhiteElo "1545"]
[BlackElo "1805"]

1. e4 c5 2. Nc3 e6 3. g3 d5 4. exd5 exd5 5. Bg2 Nf6 6. d3 h6 7. Nge2 Nc6 8. O-O
Be7 9. Nf4 d4 10. Ncd5 O-O 11. Nxe7+ Nxe7 12. h3 Ned5 13. Re1 Nxf4 14. Bxf4 Qb6
15. Rb1 Be6 16. c4 Rfe8 17. Qf3 Re7 18. Bxh6 Rae8 19. Bd2 Bd7 20. Rxe7 Rxe7 21.
Qxb7 Qxb7 22. Bxb7 Bf5 23. Bg2 Bxd3 24. Rc1 Re2 25. Bf4 Rxb2 26. Bd6 Nd7 27. Bc6
Rb6 28. Bxd7 Rxd6 29. Bb5 Re6 30. Rd1 Be2 31. Rd2 Bf3 32. Kf1 Kf8 33. Ba4 Rb6
34. Bd1 Rb1 35. Ke1 Rc1 36. Rd3 Bxd1 37. Rxd1 Rxc4 38. Rb1 Ra4 39. Rb8+ Ke7 40.
Rb7+ Ke6 41. Rb2 c4 42. Ke2 c3 43. Rc2 Rb4 44. Kd3 Kd5 45. Re2 Rc4 46. f4 f6 47.
g4 Rc8 48. f5 Rh8 49. Rh2 Re8 50. h4 Re3+ 51. Kc2 Rg3 52. g5 fxg5 53. hxg5 Kc4
54. Rh4 Rxg5 55. Rf4 Rg2+ 56. Kb1 Rg1+ 57. Kc2 Ra1 58. Rg4 Rxa2+ 59. Kb1 Kb3 60.
Rg3 Rf2 61. Rg1 c2+ 62. Kc1 d3 63. Rg3 Kc3 64. Rg1 d2# 0-1

[Event "OGOLNOPOLSKA OLIMPIADA MLODZIEZY<br/>MISTRZOSTWA POLSKI JUNIOROW 2016 - D14"]
[Site "Olecko"]
[Date "2016-05-08"]
[Round "2.6"]
[White "Waszczuk, Patrycja"]
[Black "Bilczewska, Olga"]
[Result "1-0"]
[WhiteTitle "k"]
[BlackTitle "I"]
[WhiteElo "1770"]
[BlackElo "1558"]

1. e4 c5 2. Nf3 Nc6 3. d4 cxd4 4. Nxd4 Nf6 5. Nc3 e5 6. Ndb5 d6 7. Bg5 a6 8. Na3
b5 9. Nd5 Be7 10. Bxf6 Bxf6 11. c3 Ne7 12. Nc2 Nxd5 13. exd5 Bb7 14. Be2 O-O 15.
O-O Qb6 16. Qd3 Rfe8 17. Rad1 Rac8 18. Kh1 Bg5 19. Bf3 Qc5 20. g3 Qc4 21. Qxc4
Rxc4 22. Na3 Rc5 23. Be4 f5 24. Bxf5 Bxd5+ 25. Kg1 Be6 26. Bxe6+ Rxe6 27. Rfe1
Kf7 28. Nc2 a5 29. Re2 Rc7 30. Rd5 Rc5 31. Rxc5 dxc5 32. Na3 b4 33. Nc4 a4 34.
cxb4 cxb4 35. Nxe5+ Ke7 36. Nc6+ Kd6 37. Rxe6+ Kxe6 38. Nxb4 Kd6 39. Kf1 Kc5 40.
Nd3+ Kd4 41. Ke2 Be7 42. Kd2 h5 43. Nf4 Bg5 44. b3 axb3 45. axb3 h4 46. b4 hxg3
47. fxg3 Kc4 48. Ke3 Kxb4 49. Ke4 Kc4 50. Kf5 Bf6 51. Nh5 Kd4 52. Nxf6 gxf6 53.
h4 Ke4+ 54. Kxe4 1-0

[Event "OGOLNOPOLSKA OLIMPIADA MLODZIEZY<br/>MISTRZOSTWA POLSKI JUNIOROW 2016 - D14"]
[Site "Olecko"]
[Date "2016-05-08"]
[Round "2.7"]
[White "Raczykowska, Paulina"]
[Black "Hryn, Zofia"]
[Result "0-1"]
[WhiteTitle "I+"]
[BlackTitle "I"]
[WhiteElo "1737"]
[BlackElo "1531"]

1. e4 c5 2. Nf3 d6 3. d4 cxd4 4. Nxd4 Nf6 5. Nc3 a6 6. a4 Nc6 7. Nb3 e5 8. Be2
Be6 9. O-O Be7 10. Be3 Rc8 11. f3 O-O 12. Qd2 Nb4 13. Rfc1 d5 14. exd5 Nfxd5 15.
Nxd5 Qxd5 16. Qxd5 Nxd5 17. Bd2 Nb4 18. Bc3 Nxc2 19. Rxc2 Bxb3 20. Rd2 f6 21.
Kf1 Rfd8 22. Rxd8+ Rxd8 23. Ke1 Bc5 24. Bd1 Bxd1 25. Rxd1 Rxd1+ 26. Kxd1 Kf7 27.
Kc2 Ke6 28. Kd3 Kd5 29. b3 b6 30. g4 Bd4 31. Bd2 g6 32. h3 f5 33. gxf5 gxf5 34.
Be1 e4+ 35. fxe4+ fxe4+ 36. Ke2 Bc5 37. Bc3 a5 38. Bg7 Be7 39. Bb2 Bc5 40. Bg7
Kc6 41. Bc3 Bb4 42. Bg7 b5 43. axb5+ Kxb5 44. Ke3 Bc5+ 45. Kxe4 Kb4 46. Kd3 Kxb3
47. Kd2 Bb4+ 48. Kd3 a4 49. Ke4 a3 50. Kf5 Bc3 51. Bxc3 Kxc3 52. Kg5 a2 53. Kh6
a1=Q 54. Kxh7 Qh1 0-1

[Event "OGOLNOPOLSKA OLIMPIADA MLODZIEZY<br/>MISTRZOSTWA POLSKI JUNIOROW 2016 - D14"]
[Site "Olecko"]
[Date "2016-05-08"]
[Round "2.8"]
[White "Hryn, Aleksandra"]
[Black "Malicka, Maria"]
[Result "0-1"]
[WhiteTitle "I"]
[BlackTitle "I++"]
[WhiteElo "1517"]
[BlackElo "1715"]

1. d4 Nf6 2. Nf3 e6 3. g3 b6 4. Bg2 Bb7 5. O-O Be7 6. c4 d6 7. Nc3 Nbd7 8. Re1
Ne4 9. Nxe4 Bxe4 10. b3 O-O 11. Bb2 f5 12. e3 Bf6 13. Qd2 Qe8 14. Qe2 g5 15. Nd2
Bxg2 16. Kxg2 Qg6 17. f4 g4 18. Rh1 Qh5 19. Kg1 Qh3 20. Qg2 Qxg2+ 21. Kxg2 Kg7
22. h3 h5 23. Rae1 e5 24. Ba1 Rae8 25. hxg4 hxg4 26. Kf2 Rh8 27. Rxh8 Rxh8 28.
Kg2 Kf7 29. b4 Re8 30. Kf2 Rh8 31. Kg2 Rh3 32. a3 Bg7 33. b5 exf4 34. exf4 Nf6
35. Rh1 Rxh1 36. Kxh1 d5 37. c5 Ne4 38. Nxe4 dxe4 39. cxb6 axb6 40. Kg2 Bf8 41.
a4 Ke6 42. Kf2 Kd5 43. Bc3 Kc4 44. a5 Kxb5 45. axb6 cxb6 46. Ke3 Kc4 47. Bb2 Bb4
48. Ke2 b5 49. Kf2 Kb3 50. Bc1 Kc2 51. Be3 Kd3 52. d5 Kc4 53. Ke2 Kxd5 54. Bc1
Kc4 55. Bb2 Bc3 56. Bc1 b4 57. Kd1 b3 58. Ba3 Kd3 59. Bc1 b2 60. Bxb2 Bxb2 61.
Ke1 Ke3 62. Kf1 Kf3 63. Kg1 e3 64. Kh1 e2 65. Kh2 Bd4 66. Kh1 e1=Q+ 67. Kh2 Qg1#
0-1

[Event "OGOLNOPOLSKA OLIMPIADA MLODZIEZY<br/>MISTRZOSTWA POLSKI JUNIOROW 2016 - D14"]
[Site "Olecko"]
[Date "2016-05-08"]
[Round "2.9"]
[White "Furtak, Joanna"]
[Black "Budkiewicz, Magdalena"]
[Result "1/2-1/2"]
[WhiteTitle "I+"]
[BlackTitle "I"]
[WhiteElo "1701"]
[BlackElo "1495"]

1. e4 c5 2. Nf3 d6 3. d4 cxd4 4. Qxd4 Nc6 5. Bb5 Bd7 6. Qd3 e6 7. Nc3 a6 8. Bxc6
Bxc6 9. O-O Qc7 10. Re1 Nf6 11. Nd5 Qd8 12. c4 Be7 13. Nc3 O-O 14. Nd4 Bd7 15.
Qg3 Kh8 16. b3 Rc8 17. f4 Qb6 18. Be3 Qa5 19. Bd2 Qb6 20. Be3 Qa5 21. Bd2 Qb6
22. Be3 Qa5 1/2-1/2

[Event "OGOLNOPOLSKA OLIMPIADA MLODZIEZY<br/>MISTRZOSTWA POLSKI JUNIOROW 2016 - D14"]
[Site "Olecko"]
[Date "2016-05-08"]
[Round "2.10"]
[White "Lascar, Maria Elena"]
[Black "Jarocka, Liwia"]
[Result "0-1"]
[WhiteTitle "I+"]
[BlackTitle "I+"]
[WhiteElo "1491"]
[BlackElo "1667"]

1. d4 Nf6 2. Nc3 d5 3. Bg5 Nbd7 4. f4 g6 5. Nf3 Bg7 6. Qd2 c6 7. O-O-O b5 8. Ne5
Qc7 9. Bxf6 Nxf6 10. h3 Bb7 11. g4 b4 12. Nb1 Ne4 13. Qe3 a5 14. Bg2 Nd6 15. Nd2
a4 16. c3 bxc3 17. Qxc3 Qb6 18. Qc5 Qxc5+ 19. dxc5 Nb5 20. e4 a3 21. exd5 axb2+
22. Kxb2 cxd5 23. Nb3 e6 24. Rhe1 h5 25. Rc1 Bc6 26. Bf1 hxg4 27. Bxb5 Bxb5 28.
hxg4 Rh2+ 29. Kc3 Raxa2 30. Kb4 Bxe5 31. Kxb5 Bxf4 32. Kc6 Bxc1 33. Rxc1 Ke7 34.
Kc7 Rhc2 35. Rd1 Rab2 36. Na5 Rxc5+ 37. Nc6+ Rxc6+ 38. Kxc6 Rb4 39. Rg1 Kf6 40.
Rf1+ Kg7 41. Rg1 Rf4 42. Kd6 Kf6 43. Rg2 Kg5 44. Ke7 d4 45. Rd2 Kxg4 46. Kd6 Kf3
47. Ke5 Re4+ 48. Kf6 Ke3 49. Rh2 d3 50. Rh3+ Ke2 51. Rh2+ Kd1 52. Kxf7 d2 53.
Kxg6 Kc1 54. Rh1+ Re1 55. Rxe1+ dxe1=Q 0-1

[Event "OGOLNOPOLSKA OLIMPIADA MLODZIEZY<br/>MISTRZOSTWA POLSKI JUNIOROW 2016 - D14"]
[Site "Olecko"]
[Date "2016-05-08"]
[Round "2.11"]
[White "Kulpa, Zuzanna"]
[Black "Wolagiewicz, Kinga"]
[Result "0-1"]
[WhiteTitle "I+"]
[BlackTitle "I"]
[WhiteElo "1654"]
[BlackElo "1397"]

1. e4 c6 2. d4 g6 3. c4 d5 4. Nc3 dxe4 5. Nxe4 Bg7 6. Be3 Nd7 7. Nf3 Ndf6 8. Nc5
b6 9. Nd3 Ng4 10. Bf4 Bxd4 11. Nxd4 Qxd4 12. Be2 Nxf2 13. Bg3 Nxd3+ 14. Qxd3 Qxb2
15. Rd1 Bf5 16. Qf3 Rc8 17. Qe3 Qb4+ 18. Kf1 Be6 19. Qd4 Nf6 20. Bf4 c5 21. Qd3
Bf5 22. Qe3 Qa4 23. Be5 Be6 24. h3 Bxc4 25. Bxf6 Qxd1+ 26. Kf2 Qxe2+ 27. Qxe2
Bxe2 28. Bxh8 Bc4 29. a3 f6 30. Bg7 h5 31. h4 Rd8 32. Re1 Kf7 33. Bh6 Rd3 34.
Bc1 e5 35. Re4 Bd5 36. Re3 Rxe3 37. Bxe3 f5 38. g3 Ke6 39. Ke2 Be4 40. Kd2 Kd5
41. Kc3 b5 42. Kb3 a5 43. Kc3 a4 44. Bd2 Bf3 45. Be3 Be2 46. Bd2 Ke4 47. Be1 Kf3
48. Kd2 Bc4 49. Kc3 e4 0-1

[Event "OGOLNOPOLSKA OLIMPIADA MLODZIEZY<br/>MISTRZOSTWA POLSKI JUNIOROW 2016 - D14"]
[Site "Olecko"]
[Date "2016-05-08"]
[Round "2.12"]
[White "Rudzinska, Michalina"]
[Black "Tomczak, Marta"]
[Result "1-0"]
[WhiteTitle "I"]
[BlackTitle "I"]
[WhiteElo "1738"]
[BlackElo "1482"]

1. e4 c5 2. Nf3 Nc6 3. Nc3 d6 4. Bc4 Nf6 5. d4 cxd4 6. Nxd4 a6 7. Be3 e6 8. Qe2
Nxd4 9. Bxd4 b5 10. Bb3 Bb7 11. Bxf6 Qxf6 12. Nxb5 Rc8 13. Nc3 Rxc3 14. e5 Qf4
15. bxc3 Bxg2 16. Rg1 Bf3 17. Qe3 Qxe3+ 18. fxe3 dxe5 19. Ba4+ Kd8 20. Kf2 Bd5
21. Rad1 Ke7 22. Rg3 f5 23. Bb3 Be4 24. Rgg1 Kf6 25. Rd8 Ke7 26. Rgd1 Bd5 27.
Rb8 g6 28. Bxd5 exd5 29. Rxd5 Bg7 30. Rb7+ Ke6 31. Rbd7 Bf8 32. c4 Rg8 33. Rd8
e4 34. Re8+ Kf7 35. Rdd8 1-0

[Event "OGOLNOPOLSKA OLIMPIADA MLODZIEZY<br/>MISTRZOSTWA POLSKI JUNIOROW 2016 - D14"]
[Site "Olecko"]
[Date "2016-05-08"]
[Round "2.14"]
[White "Filipska, Maja"]
[Black "Choinska, Debora"]
[Result "1/2-1/2"]
[WhiteTitle "I"]
[BlackTitle "I"]
[WhiteElo "1479"]
[BlackElo "1244"]

1. e4 d6 2. d4 Nf6 3. Nc3 Nbd7 4. Nf3 e5 5. dxe5 dxe5 6. Bg5 Be7 7. Bc4 c6 8. O-O
b5 9. Bb3 O-O 10. Qd3 Qc7 11. Rad1 Nc5 12. Qe3 Ng4 13. Qe2 a5 14. Bxe7 Qxe7 15.
a3 Nxb3 16. cxb3 b4 17. Na4 Ba6 18. Qc2 Bxf1 19. Kxf1 bxa3 20. bxa3 Rfd8 21. Rxd8+
Rxd8 22. Ke2 Qa7 23. Nc5 Qc7 24. Nd3 Qb6 25. Nfxe5 Nxe5 26. Nxe5 Qb5+ 27. Nd3
Rb8 28. b4 axb4 29. axb4 Qh5+ 30. f3 Qxh2 31. Kf2 Qh4+ 32. Ke2 Qg3 33. Ke3 Qg5+
34. Kf2 Qf6 35. e5 Qe6 36. f4 Ra8 37. Ke3 Ra2 38. Nb2 Ra3+ 39. Nd3 Ra2 40. Nb2
f6 41. Qc3 fxe5 42. fxe5 Qh6+ 43. Kf3 Qh5+ 44. Kg3 Qg6+ 45. Kh2 Qe6 46. Qd4 Qh6+
47. Kg3 Qg6+ 48. Kh2 Qe6 49. Kg3 Qb3+ 50. Nd3 Ra3 51. Qd8+ Kf7 52. Qd7+ Kg6 53.
Qg4+ Kf7 54. Qd7+ Kg6 55. Qg4+ 1/2-1/2

[Event "OGOLNOPOLSKA OLIMPIADA MLODZIEZY<br/>MISTRZOSTWA POLSKI JUNIOROW 2016 - D14"]
[Site "Olecko"]
[Date "2016-05-08"]
[Round "2.15"]
[White "Sivickis, Wiktoria"]
[Black "Kubasik, Aleksandra"]
[Result "1-0"]
[WhiteTitle "I"]
[BlackTitle "II"]
[WhiteElo "1459"]
[BlackElo "1151"]

1. d4 d5 2. c4 c6 3. cxd5 cxd5 4. Nc3 e6 5. Nf3 Nc6 6. a3 a5 7. Qc2 Nf6 8. Bg5
Be7 9. Bxf6 Bxf6 10. e3 O-O 11. Bd3 g6 12. h4 e5 13. dxe5 Nxe5 14. Nxe5 Bxe5 15.
h5 Qg5 16. O-O-O Bh8 17. hxg6 fxg6 18. f4 Qg3 19. Nxd5 Be6 20. Ne7+ Kf7 21. Rxh7+
Ke8 22. Bb5+ Bd7 23. Bxd7+ Kd8 24. Bb5+ 1-0

[Event "OGOLNOPOLSKA OLIMPIADA MLODZIEZY<br/>MISTRZOSTWA POLSKI JUNIOROW 2016 - D14"]
[Site "Olecko"]
[Date "2016-05-08"]
[Round "2.16"]
[White "Zaborowska, Maria"]
[Black "Orlik, Sandra"]
[Result "0-1"]
[WhiteTitle "I"]
[BlackTitle "I"]
[WhiteElo "1250"]
[BlackElo "1451"]

1. c4 e5 2. Nc3 c6 3. g3 d5 4. cxd5 cxd5 5. d4 e4 6. Qb3 Ne7 7. Bg2 Nbc6 8. Be3
a6 9. Nh3 Na5 10. Qc2 Nc4 11. O-O Nf5 12. Qc1 Nfxe3 13. fxe3 g5 14. Nxe4 f5 15.
b3 Ba3 16. Qe1 Nxe3 17. Nexg5 Nxf1 18. Qxf1 h6 19. Nf3 Qb6 20. Nf4 Be6 21. Qf2
O-O-O 22. Ne5 Kb8 23. b4 Bb2 24. Rd1 Bg8 25. e3 Ba3 26. Nfg6 Rh7 27. Qf4 Ka8 28.
Qxf5 Bxb4 29. Rb1 Qd6 30. Qf3 Rc7 31. Rf1 Rc2 32. Rf2 Rdc8 33. Nf8 Rxf2 34. Qxf2
Rxf8 35. Qb2 Ba5 36. Nc4 Qc7 37. Ne5 Qc3 38. Qe2 Qe1+ 39. Qxe1 Bxe1 40. Ng6 Re8
41. Ne5 Rc8 42. Kf1 Ba5 43. Kf2 Rc2+ 44. Kf3 Bh7 0-1

[Event "OGOLNOPOLSKA OLIMPIADA MLODZIEZY<br/>MISTRZOSTWA POLSKI JUNIOROW 2016 - D14"]
[Site "Olecko"]
[Date "2016-05-08"]
[Round "2.17"]
[White "Wasala, Wiktoria"]
[Black "Bartkowska, Dorota"]
[Result "1-0"]
[WhiteTitle "I"]
[BlackTitle "II"]
[WhiteElo "1448"]
[BlackElo "1090"]

1. e4 e5 2. Nf3 Nc6 3. Bc4 d6 4. h3 Be7 5. d4 Nf6 6. Nc3 exd4 7. Nxd4 O-O 8. O-O
Nxd4 9. Qxd4 Be6 10. Be3 c6 11. Rad1 Qd7 12. Bb3 Rfd8 13. Rd2 Bxh3 14. gxh3 Qxh3
15. Bf4 Ng4 16. Qd3 Qxd3 17. Rxd3 g5 18. Rg3 h5 19. Bd2 Kg7 20. f3 h4 21. Rxg4
f6 22. f4 Rf8 23. fxg5 fxg5 24. Bxg5 Rxf1+ 25. Kxf1 Bxg5 26. Rxg5+ Kh6 27. Rg2
Rf8+ 28. Ke2 Kh5 29. Be6 Rf6 30. Bg4+ Kh6 31. Nd1 b5 32. Nf2 a5 33. Nh3 c5 34.
Ng1 c4 35. Nf3 b4 36. Nxh4 a4 37. Nf5+ Kh7 38. Rh2+ Kg8 39. Rh6 Rxh6 40. Nxh6+
Kf8 41. Nf5 b3 42. cxb3 d5 43. exd5 cxb3 44. axb3 axb3 45. Bh5 Kg8 46. d6 Kh8
47. d7 Kh7 48. Kf3 Kg8 49. d8=Q+ Kh7 50. Qg5 1-0

[Event "OGOLNOPOLSKA OLIMPIADA MLODZIEZY<br/>MISTRZOSTWA POLSKI JUNIOROW 2016 - D14"]
[Site "Olecko"]
[Date "2016-05-08"]
[Round "2.18"]
[White "Ullrich, Agata"]
[Black "Roszkiewicz, Anna"]
[Result "1-0"]
[WhiteTitle "II"]
[BlackTitle "I"]
[WhiteElo "1199"]
[BlackElo "1443"]

1. f4 d5 2. Nf3 Nf6 3. e3 Nc6 4. Bb5 Bd7 5. b3 a6 6. Bxc6 Bxc6 7. Bb2 e6 8. O-O
Bd6 9. d3 O-O 10. Ne5 Bxe5 11. fxe5 Nd7 12. Qf3 Qg5 13. d4 Bb5 14. Rf2 c5 15.
a4 Bc6 16. Nc3 Qg6 17. Ba3 b6 18. b4 cxd4 19. b5 Nxe5 20. Qe2 dxc3 21. Bxf8 axb5
22. Bb4 bxa4 23. Bxc3 Nc4 24. Rf4 Nxe3 25. Qf3 Qxc2 26. Qxe3 d4 27. Qd2 Qxc3 28.
Qxc3 dxc3 29. Rc4 Bd5 30. Raxa4 Rb8 31. Rxc3 Kf8 32. Rb4 Ke7 33. Rc7+ Kf6 34.
Rf4+ Kg6 35. Rfxf7 Rg8 36. Rf4 b5 37. Rb4 Bc4 38. Rb7 Rf8 39. Rb1 Rf5 40. Rb6
h5 41. Re1 Kg5 42. Rb7 g6 43. Rb1 e5 44. Re7 b4 45. h4+ Kf6 46. Rc7 Bd3 47. Rc6+
Kg7 48. Rc7+ Kf6 49. Rxb4 Rf1+ 50. Kh2 Ke6 51. Rb6+ Kd5 52. Rd7+ Kc5 53. Re6 e4
1-0

[Event "OGOLNOPOLSKA OLIMPIADA MLODZIEZY<br/>MISTRZOSTWA POLSKI JUNIOROW 2016 - D14"]
[Site "Olecko"]
[Date "2016-05-08"]
[Round "2.19"]
[White "Sawa, Daria"]
[Black "Koruch, Maria"]
[Result "1/2-1/2"]
[WhiteTitle "I"]
[BlackTitle "I"]
[WhiteElo "1111"]
[BlackElo "1362"]

1. e4 c5 2. Nf3 Nc6 3. d4 cxd4 4. Nxd4 Nf6 5. Nc3 e5 6. Ndb5 d6 7. Bg5 a6 8. Na3
b5 9. Nd5 Be7 10. Bxf6 Bxf6 11. c3 O-O 12. Nc2 Bg5 13. a4 bxa4 14. Rxa4 a5 15.
Nce3 Bxe3 16. Nxe3 Be6 17. Bc4 Rb8 18. Ra2 Qg5 19. Bxe6 fxe6 20. Qxd6 Qf4 21.
Qxe6+ Kh8 22. O-O Qxe4 23. Qc4 Qg6 24. Qc5 Rf4 25. Nc4 Qe6 26. b3 e4 27. Nxa5
Nxa5 28. Qxa5 Qxb3 29. Rd2 Rbf8 30. Rd8 e3 31. Rxf8+ Rxf8 32. fxe3 Rxf1+ 33. Kxf1
Qd1+ 34. Kf2 Qd2+ 35. Kf3 Qd1+ 36. Ke4 Qg4+ 37. Kd3 Qd1+ 38. Kc4 Qg4+ 39. Kb3
Qd1+ 40. Kb4 Qb1+ 41. Ka4 Qc2+ 42. Kb4 Qb1+ 1/2-1/2

[Event "OGOLNOPOLSKA OLIMPIADA MLODZIEZY<br/>MISTRZOSTWA POLSKI JUNIOROW 2016 - D14"]
[Site "Olecko"]
[Date "2016-05-08"]
[Round "2.20"]
[White "Nowicka, Julia"]
[Black "Tuznik, Martyna"]
[Result "0-1"]
[WhiteTitle "I"]
[BlackTitle "II"]
[WhiteElo "1281"]
[BlackElo "1047"]

1. e4 c5 2. Nf3 d6 3. d4 cxd4 4. Nxd4 Nf6 5. Nc3 g6 6. Be2 Bg7 7. O-O O-O 8. Bg5
Nc6 9. Nb3 e6 10. Kh1 Qd7 11. f4 d5 12. e5 Ne4 13. Nxe4 dxe4 14. Qxd7 Bxd7 15.
Nc5 Bc8 16. Nxe4 Nd4 17. Bd3 Bd7 18. Nd6 Bc6 19. Rad1 f6 20. exf6 Bxf6 21. Bh6
Rfd8 22. Ne4 Be7 23. Ng3 Bh4 24. Ne4 Nf5 25. Bg5 Bxg5 26. Nxg5 Ne3 27. Rfe1 Nxd1
28. Rxd1 Re8 29. Re1 Bd5 30. a3 Rac8 31. h3 Rc5 32. Re5 Rcc8 33. Kh2 h6 34. Ne4
Bxe4 35. Bxe4 b6 36. Bxg6 Re7 37. f5 Kg7 38. c3 Rc5 39. Re3 Kf6 40. g4 Re5 41.
Rxe5 Kxe5 42. b3 exf5 43. gxf5 Kf6 44. c4 Re3 45. b4 Rxa3 46. c5 bxc5 47. bxc5
Rc3 48. c6 Rxc6 49. Be8 Rc3 50. Bd7 a5 51. Kg2 h5 52. h4 Ke7 53. Be6 a4 54. Bg8
a3 55. Bd5 Rc2+ 56. Kf3 a2 57. Bxa2 Rxa2 58. Kf4 Kf6 0-1

[Event "OGOLNOPOLSKA OLIMPIADA MLODZIEZY<br/>MISTRZOSTWA POLSKI JUNIOROW 2016 - D14"]
[Site "Olecko"]
[Date "2016-05-08"]
[Round "2.21"]
[White "Laszczuk, Zuzanna"]
[Black "Mytych, Wiktoria"]
[Result "0-1"]
[WhiteTitle "II"]
[BlackTitle "I"]
[WhiteElo "1062"]
[BlackElo "1276"]

1. e4 c6 2. d4 d5 3. exd5 cxd5 4. Bd3 Nf6 5. c3 Nc6 6. Bf4 e6 7. Nf3 Bd6 8. Bg3
O-O 9. Nbd2 Re8 10. O-O Bxg3 11. hxg3 Qd6 12. Bb5 Bd7 13. Bxc6 Bxc6 14. Ne5 Nd7
15. Ndf3 Bb5 16. Re1 Nf6 17. Qb3 Bc6 18. c4 dxc4 19. Nxc4 Qe7 20. Nfe5 Bd5 21.
f3 Rec8 22. Rac1 Qe8 23. Qa3 Nh5 24. g4 Nf4 25. Qe3 Bxc4 26. Rxc4 Rxc4 27. Nxc4
Nd5 28. Qe4 Qe7 29. a3 Rd8 30. f4 Nf6 31. Qe2 Rxd4 32. g3 Qc5 33. Ne3 Rd8 34.
g5 Ne8 35. Kh2 Qa5 36. f5 Rd2 37. Ng2 Rxe2 38. Rxe2 Qxf5 39. Rd2 Qxg5 0-1

[Event "OGOLNOPOLSKA OLIMPIADA MLODZIEZY<br/>MISTRZOSTWA POLSKI JUNIOROW 2016 - D14"]
[Site "Olecko"]
[Date "2016-05-08"]
[Round "2.23"]
[White "Rokoszna, Zuzanna"]
[Black "Wyrzykowska, Aleksandra"]
[Result "0-1"]
[WhiteTitle "II"]
[BlackTitle "I"]
[WhiteElo "1017"]
[BlackElo "1254"]

1. d4 d5 2. c4 e6 3. Nc3 c6 4. Nf3 Nf6 5. Bg5 Nbd7 6. e3 Qa5 7. Bd3 Ne4 8. Bxe4
dxe4 9. Nd2 Qxg5 10. O-O f5 11. Ne2 Bd6 12. f4 Qg6 13. c5 Bc7 14. Nc4 Nf6 15.
h3 Nd5 16. Nc3 b6 17. Rc1 Ba6 18. Qa4 Bb7 19. Rfe1 O-O 20. Qb3 Qg3 21. Ne2 Qh4
22. Kh2 Rf6 23. Rg1 Rg6 24. g3 Qh5 25. Rg2 Ba6 26. Ng1 Bxc4 27. Rxc4 b5 28. Rc1
a5 29. a4 Rb8 30. Qa3 bxa4 31. Qxa4 Nxe3 32. Rf2 Ng4+ 33. Kg2 Nxf2 34. Kxf2 Rxb2+
35. Kf1 Rxg3 0-1

[Event "OGOLNOPOLSKA OLIMPIADA MLODZIEZY<br/>MISTRZOSTWA POLSKI JUNIOROW 2016 - D14"]
[Site "Olecko"]
[Date "2016-05-08"]
[Round "3.1"]
[White "Malicka, Maria"]
[Black "Kalinowska, Zuzanna"]
[Result "1/2-1/2"]
[WhiteTitle "I++"]
[BlackTitle "k"]
[WhiteElo "1715"]
[BlackElo "1901"]

1. c4 c5 2. g3 g6 3. Bg2 Bg7 4. Nc3 d6 5. Nf3 Nc6 6. O-O e6 7. d3 Nge7 8. Rb1 b6
9. a3 Bb7 10. e3 O-O 11. Qc2 Qd7 12. b4 Rfd8 13. Rd1 Rac8 14. Qb3 Nf5 15. Bb2
Qe7 16. Ne4 cxb4 17. Bxg7 Nxg7 18. axb4 d5 19. cxd5 exd5 20. Ned2 Nf5 21. b5 Na5
22. Qb2 Rc5 23. d4 Rc7 24. Ne5 Rdc8 25. Rdc1 f6 26. Rxc7 Rxc7 27. Nc6 Bxc6 28.
bxc6 Qd6 29. Qa2 Ne7 30. e4 Nexc6 31. exd5 Nb4 32. Rxb4 Rc1+ 33. Nf1 Qxb4 34.
d6+ Kg7 35. Qe6 Qxd4 36. Qd7+ Kh6 37. Qh3+ Kg7 38. Qd7+ Kh6 39. Qh3+ Kg7 40. Qd7+
Kh6 41. Qh3+ 1/2-1/2

[Event "OGOLNOPOLSKA OLIMPIADA MLODZIEZY<br/>MISTRZOSTWA POLSKI JUNIOROW 2016 - D14"]
[Site "Olecko"]
[Date "2016-05-08"]
[Round "3.2"]
[White "Kucharska, Honorata"]
[Black "Jarocka, Liwia"]
[Result "1-0"]
[WhiteTitle "k"]
[BlackTitle "I+"]
[WhiteElo "1857"]
[BlackElo "1667"]

1. e4 e5 2. Nf3 Nc6 3. Bc4 Bc5 4. c3 Nf6 5. d3 a6 6. Bb3 Ba7 7. h3 h6 8. Nbd2 d6
9. Nf1 O-O 10. Ng3 Re8 11. Nh2 Be6 12. Qf3 d5 13. Ng4 dxe4 14. dxe4 Nh7 15. Nf5
Ng5 16. Ngxh6+ gxh6 17. Nxh6+ Kf8 18. Bxg5 Qxg5 19. Bxe6 Qf4 20. Qxf4 exf4 21.
Bd5 Ne5 22. f3 Rad8 23. O-O-O Rd6 24. Ng4 Ng6 25. Bxb7 Rb6 26. Bd5 Nh4 27. Rd2
Rd6 28. Rhd1 f5 29. exf5 Nxf5 30. Be4 Rxd2 31. Kxd2 Rd8+ 32. Kc2 Rxd1 33. Kxd1
Nh4 34. Ke2 Nxg2 35. b4 Ne3 36. Nxe3 fxe3 37. Bd3 a5 38. f4 Ke7 39. Kf3 Kf6 40.
Ke4 axb4 41. cxb4 c6 42. Kf3 Bd4 43. Be4 Bc3 44. Bxc6 Bxb4 45. Kxe3 Bc5+ 46. Ke4
Ba3 47. Be8 Ke7 48. Bg6 Kf6 49. Bf5 Bb4 50. h4 Kg7 51. h5 Kh6 52. Bg6 Kg7 53.
a4 Ba5 54. Kd5 Kf8 55. f5 Bd2 56. Kc5 Ke7 57. Kb5 Kd6 58. a5 Kc7 59. a6 Kb8 60.
Bf7 Ka7 61. Bc4 Kb8 62. Kc6 Be3 63. Kd7 Ka7 64. f6 Bh6 65. Ke8 Kb6 66. f7 Ka7
67. f8=Q Bxf8 68. Kxf8 Kb8 69. h6 1-0

[Event "OGOLNOPOLSKA OLIMPIADA MLODZIEZY<br/>MISTRZOSTWA POLSKI JUNIOROW 2016 - D14"]
[Site "Olecko"]
[Date "2016-05-08"]
[Round "3.3"]
[White "Harazinska, Magdalena"]
[Black "Pyzio, Amelia"]
[Result "1-0"]
[WhiteTitle "I++"]
[BlackTitle "I"]
[WhiteElo "1805"]
[BlackElo "1564"]

1. Nf3 d5 2. c4 c6 3. e3 Nf6 4. d4 Bf5 5. cxd5 cxd5 6. Nc3 e6 7. Qb3 Qc7 8. Bb5+
Nc6 9. O-O Bd6 10. h3 h6 11. Bd2 O-O 12. Bxc6 bxc6 13. Na4 Ne4 14. Bb4 Rab8 15.
Bxd6 Qxd6 16. Qd1 c5 17. Rc1 c4 18. Nd2 Rb4 19. Nxe4 Bxe4 20. b3 Rfb8 21. Nc5
Bg6 22. Qe2 cxb3 23. axb3 R8b5 24. f4 Ra5 25. Ra1 Rxa1 26. Rxa1 Qe7 27. Qa6 Bc2
28. Qa2 Bf5 29. Qxa7 Qh4 30. Qa2 Qg3 31. Qf2 Qg6 32. Ra8+ Kh7 33. Kh2 Bc2 34.
Nd7 Qd3 35. Nf8+ Kg8 36. Nxe6+ Kh7 37. Nf8+ Kg8 38. Qg3 g6 39. Nxg6+ Kh7 40. Nf8+
1-0

[Event "OGOLNOPOLSKA OLIMPIADA MLODZIEZY<br/>MISTRZOSTWA POLSKI JUNIOROW 2016 - D14"]
[Site "Olecko"]
[Date "2016-05-08"]
[Round "3.4"]
[White "Hryn, Zofia"]
[Black "Waszczuk, Patrycja"]
[Result "1/2-1/2"]
[WhiteTitle "I"]
[BlackTitle "k"]
[WhiteElo "1531"]
[BlackElo "1770"]

1. d4 d5 2. c4 c6 3. Nf3 Nf6 4. e3 e6 5. Nc3 Nbd7 6. b3 Bd6 7. Bd3 b6 8. O-O Bb7
9. Bb2 O-O 10. Qe2 Rc8 11. Rac1 Re8 12. Rfd1 Qe7 13. e4 dxe4 14. Nxe4 Nxe4 15.
Qxe4 Nf6 16. Qh4 h6 17. c5 Bb8 18. Ne5 Nd5 19. Qe4 f5 20. Qf3 Bxe5 21. dxe5 Red8
22. Bd4 Rd7 23. Bc4 b5 24. Bxd5 Rxd5 25. Rd2 Rcd8 26. Rcd1 R8d7 27. b4 Qd8 28.
Qe3 a6 29. f4 Ba8 30. a3 Bb7 31. Bc3 Rxd2 32. Rxd2 Rxd2 33. Qxd2 Qxd2 34. Bxd2
Kf7 35. Kf2 Bc8 36. h4 Ke7 37. g3 Bd7 38. Ke3 Be8 39. Kf2 Bh5 40. Ke1 Kd7 41.
Kf2 1/2-1/2